LIBRARY ONLINE CATALOGUE

Crisis Intervention Strategies (Record no. 17207)

MARC details
000 -LEADER
fixed length control field 00447nam a22001457a 4500
008 - FIXED-LENGTH DATA ELEMENTS--GENERAL INFORMATION
fixed length control field 180924b xxu||||| |||| 00| 0 eng d
020 ## - INTERNATIONAL STANDARD BOOK NUMBER
International Standard Book Number 0495100293
100 ## - MAIN ENTRY--PERSONAL NAME
Personal name James, Richard K.
245 ## - TITLE STATEMENT
Title Crisis Intervention Strategies
Statement of responsibility, etc. Richard K. James
250 ## - EDITION STATEMENT
Edition statement 6th ed.
Remainder of edition statement International Student Edition
260 ## - PUBLICATION, DISTRIBUTION, ETC. (IMPRINT)
Place of publication, distribution, etc. USA
Name of publisher, distributor, etc. Thomson Brooks
Date of publication, distribution, etc. 2008
300 ## - PHYSICAL DESCRIPTION
Extent xxvi, 664p.
650 ## - SUBJECT ADDED ENTRY--TOPICAL TERM
Topical term or geographic name as entry element Crisis Intervention
Form subdivision Mental health Services
942 ## - ADDED ENTRY ELEMENTS (KOHA)
Source of classification or shelving scheme Library of Congress Classification
Koha item type General Collection
Holdings
Withdrawn status Lost status Source of classification or shelving scheme Not for loan Home library Current library Date acquired Total Checkouts Full call number Barcode Date last seen Price effective from Koha item type
    Library of Congress Classification   Kabarak, Main Campus Kabarak, Main Campus 24/09/2018   RC48.6 .J36 2008 c.1 022202 24/09/2018 24/09/2018 General Collection